150CM LIFE (Record no. 48486)

000 -LEADER
fixed length control field 00520nam a22001937a 4500
003 - CONTROL NUMBER IDENTIFIER
control field MPLRDC
005 - DATE AND TIME OF LATEST TRANSACTION
control field 20220104144324.0
008 - FIXED-LENGTH DATA ELEMENTS--GENERAL INFORMATION
fixed length control field 210129b ||||| |||| 00| 0 eng d
020 ## - INTERNATIONAL STANDARD BOOK NUMBER
International Standard Book Number 7-5613-3497-4
082 ## - DEWEY DECIMAL CLASSIFICATION NUMBER
Classification number 947.415 GMZZ-8 c.2
100 ## - MAIN ENTRY--PERSONAL NAME
Personal name 高木直子
245 ## - TITLE STATEMENT
Title 150CM LIFE
Statement of responsibility, etc. 洪俞君 译
250 ## - EDITION STATEMENT
Edition statement 二版三刷
260 ## - PUBLICATION, DISTRIBUTION, ETC.
Place of publication, distribution, etc. 中国
Name of publisher, distributor, etc. 陕西师范大学出版社
Date of publication, distribution, etc. 2012
300 ## - PHYSICAL DESCRIPTION
Other physical details 106
490 ## - SERIES STATEMENT
Series statement 人气绘本小天后. 1
650 ## - SUBJECT ADDED ENTRY--TOPICAL TERM
Topical term or geographic name entry element 漫画--多格 多单元
942 ## - ADDED ENTRY ELEMENTS (KOHA)
Koha item type Book
-- 947.415 GMZZ-8 c.2
Holdings
Withdrawn status Lost status Source of classification or shelving scheme Damaged status Not for loan Collection code Home library Current library Shelving location Date acquired Cost, normal purchase price Total Checkouts Full call number Barcode Date last seen Date last checked out Price effective from Koha item type Public note
            Malaysian Public Library, Research and Development Centre Malaysian Public Library, Research and Development Centre   10/12/2007 20.00   947.415 GMZZ-8 c.2 00048652 18/03/2021 09/12/2018 18/03/2021 Book mplrdc

© 2022. Malaysian Public Library, Research and Development Centre. All Right ReservedE-mailmplrdc@help.edu.my 

Powered by Koha